000 00383nam a2200145Ia 4500
008 240729s9999 xx 000 0 und d
022 _a2617-2186
245 0 _aAl-Mukhtar Journal of Sciences
260 _aLibya
260 _bOmar Al-Mukhtar University
650 _aScience
856 _uhttps://doaj.org/toc/ef6779afea2f49a2841d829d0bfd6099
942 _2ddc
942 _cDOAJEJ
999 _c69715
_d69715
945 _a1
_bMadushi Gamage
_c1
_dMadushi Gamage